Top 10 Most Popular Songs by the Doors - Statistics

General Stats
  • This quiz has been taken 12 times
  • The average score is 7 of 10
Answer Stats
Album Plays Song % Correct
L.A. Woman 186 million L.A. Woman
90%
The Doors 384 million Light My Fire
90%
L.A. Woman 518 million Riders On the Storm
90%
The Doors 416 million Break on Through (To the Other Side)
70%
Strange Days 500 million People Are Strange
70%
L.A. Woman 221 million Love Her Madly
60%
Morrison Hotel 384 million Roadhouse Blues
60%
The Soft Parade 159 million Touch Me
60%
Morrison Hotel 144 million Peace Frog
50%
Strange Days 162 million Love Me Two Times
40%
No matching quizzes found
Score Distribution
Percent of People with Each Score
Percentile by Number Answered
Your Score History
You have not taken this quiz